000 00441nam a2200145Ia 4500
008 211106s9999||||xx |||||||||||||| ||und||
020 _a99934-68-82-7
040 _aUNEFA
100 _aAlarcon Edynson
245 0 _aLos recursos del procedimiento civil
_bComentarios Dotrinales y Formatos Procesales
245 0 _cCiencias Juridicas y Politicas
250 _aEditoras Juridicas Trajao Potentini
260 _a2006
650 _aDERECHO
999 _a083346
_c2222
_d2222